=LDR 00000nam 2200000 4500 =001 INLIS000000000001194 =005 20230403095257 =035 ##$$a 0010-0423000006 =007 ta =008 230403################g##########0#ind## =020 ##$$a 978-602-1183-21-2 =082 ##$$a 611.2 =084 ##$$a 611.2 SUT n =100 #$$a Sutomo Kasiman =245 1#$$a Nyeri Dada : $b Dari A sampai Z /$c Sutomo Kasiman =250 ##$$a - =260 ##$$a Medan :$b Pustaka Bangsa,$c 2016 =300 ##$$a v, 236 : $b ilustrasi ; $c 24,5 cm$e - =650 #4$$a Kesehatan =520 ##$$a Dalam Buku ini diuraikan sebagai kondisi seseorang yang mengalami nyeri dada dengan membedakan nyeri dada